Movies With Justice League Members - Statistics

General Stats
  • This quiz has been taken 34 times
  • The average score is 9 of 20
Answer Stats
Year Movie Superman Batman Wonder Woman The Flash Aquaman Cyborg % Correct
1966 Batman Yes Robin
97%
1995 Batman Forever Yes Robin
97%
2017 Justice League Yes Yes Yes Yes Yes CyborgGreen Lantern
86%
2025 Superman Yes Green LanternSupergirl
83%
2023 The Flash Yes Yes Yes Yes Yes Supergirl
69%
2013 Man of Steel Yes Martian Manhunter
66%
2019 Shazam! Yes Shazam!
66%
1997 Batman and Robin Yes RobinBatgirl
62%
2012 The Dark Knight Rises Yes Robin
59%
1984 Supergirl Yes Supergirl
48%
2016 Batman v. Superman: Dawn of Justice Yes Yes Yes Yes Yes CyborgMartian Manhunter
45%
2016 Suicide Squad Yes Yes
38%
2023 Shazam! Fury of the Gods Yes Shazam!
34%
2021 Zack Snyder's Justice League Yes Yes Yes Yes Yes CyborgGreen Lantern Martian Manhunter
24%
2014 The Lego Movie Yes Yes Yes Yes Yes Green Lantern
17%
2018 Teen Titans GO! To the Movies Yes Yes Yes Yes Yes Green LanternThe Atom Shazam! Robin
10%
2017 The Lego Batman Movie Yes Yes Yes Yes Yes Most/All
10%
2019 The Lego Movie 2: The Second Part Yes Yes Yes Yes Yes Green Lantern
10%
2022 DC League of Super-Pets Yes Yes Yes Yes Yes CyborgGreen Lantern
7%
2021 Space Jam: A New Legacy Yes Yes Yes Green LanternBatgirl
7%
No matching quizzes found
Score Distribution
Percent of People with Each Score
Percentile by Number Answered
Your Score History
You have not taken this quiz